000 01831nam a2200517 i 4500
001 22787
003 KOSZ 005
005 20210517151949.0
008 990506s1984 pl |000 0 pol
015 _aUWD 1984/7666
020 _a832080356X
035 _a991009726569705066
035 _a(PL-WaBN)b12628220-48omnis_nlop
035 _ab12628220
035 _a(OCoLC)749528233
035 _azz2005811018
035 _a(PL)b0000001262822
035 _a(EXLNZ-48OMNIS_NETWORK)9910370745905606
040 _aWA N
_cWA N
_dWA N
_dKOSZ 005/HR
041 1 _apol
_hrus
046 _k1984
080 _a330.342.15
080 _a519.86
100 1 _aGranberg, Aleksandr Grigor'evič
_d(1936-2010)
_eAutor
245 1 0 _aModele matematyczne gospodarki socjalistycznej /
_cAleksander G. Granberg ; tł. [z ros.] Marian Kanton, Bogusław Ładoś.
246 1 _iTyt. oryg.:
_aMatematičeskie modeli socialističeskoj èkonomiki
260 _aWarszawa :
_bPaństwowe Wydawnictwo Ekonomiczne,
_c1984.
_fDRP).
300 _a398, [2] s. ;
_c21 cm.
336 _aTekst
_btxt
_2rdacontent
337 _aBez urządzenia pośredniczącego
_bn
_2rdamedia
338 _aWolumin
_bnc
_2rdacarrier
380 _aKsiążki
380 _aPublikacje naukowe
388 _a1901-2000
388 _a1945-1989
650 7 _aGospodarka socjalistyczna
_2DBN
650 7 _aModele matematyczne
_2DBN
658 _aGospodarka, ekonomia, finanse
658 _aMatematyka
700 1 _aKanton, Marian
_d(1946-1996)
_eTłumaczenie
700 1 _aŁadoś, Bogusław
_eTłumaczenie
710 2 _aPaństwowe Wydawnictwo Ekonomiczne
_4pbl
856 _uhttp://koha.tu.koszalin.pl/cgi-bin/koha/opac-detail.pl?biblionumber=22787
_yKatalog online BPK
942 _2UKD
_cKS
999 _c22787
_d22787